书目信息 |
| 题名: |
思维的骗局
|
|
| 作者: | 金钟善 著 ;李小晨 译 | |
| 分册: | ||
| 出版信息: | 北京 化学工业出版社 2017 |
|
| 页数: | 12,198页 | |
| 开本: | 21cm | |
| 丛书名: | ||
| 单 册: | ||
| 中图分类: | F014.9 | |
| 科图分类: | ||
| 主题词: | 经济行为--思维方法 | |
| 电子资源: | ||
| ISBN: | 978-7-122-27948-4 | |
| 000 | 01198nam0 2200265 450 | |
| 001 | 6016 | |
| 005 | 20180530104551.99 | |
| 010 | @a978-7-122-27948-4@b精装@dCNY35.00 | |
| 100 | @a20170328d2017 em y0chiy50 ea | |
| 101 | 1 | @achi@ckor |
| 102 | @aCN@b110000 | |
| 105 | @ay z 000yy | |
| 200 | 1 | @a思维的骗局@9si wei de pian ju@dConfidence game of the mind@e支配日常生活的经济心理法则@zeng@f(韩)金钟善著@g李小晨译 |
| 210 | @a北京@c化学工业出版社@d2017 | |
| 215 | @a12,198页@d21cm | |
| 314 | @a金钟善,经济学博士,财务管理咨询师、理财咨询师。现为BSI经营研究院法人,全球绿色经营研究院理事,仁川房地产学院院长,韩瑞大学国际通商学客座教授,以及信息产业大学客座教授。 | |
| 330 | @a本书共分五章,主要内容包括:背叛你的真实正是你自己、自己困住了自己、再不想蒙受任何损失的想法产生时你便已经中了圈套、你每天都在被骗、正是你深信无疑的常识背叛了你。 | |
| 510 | 1 | @aConfidence game of the mind@zeng |
| 517 | 1 | @a支配日常生活的经济心理法则@9zhi pei ri chang sheng huo de jing ji xin li fa ze |
| 606 | 0 | @a经济行为@x思维方法 |
| 690 | @aF014.9@v5 | |
| 701 | 0 | @c(韩)@a金钟善@9jin zhong shan@4著 |
| 702 | 0 | @a李小晨@9li xiao chen@4译 |
| 801 | 0 | @aCN@b91MARC@c20170328 |
| 905 | @aMuseLib@dF014.9@e538 | |
| 思维的骗局=Confidence game of the mind:支配日常生活的经济心理法则/(韩)金钟善著/李小晨译.-北京:化学工业出版社,2017 |
| 12,198页;21cm |
| ISBN 978-7-122-27948-4(精装):CNY35.00 |
| 本书共分五章,主要内容包括:背叛你的真实正是你自己、自己困住了自己、再不想蒙受任何损失的想法产生时你便已经中了圈套、你每天都在被骗、正是你深信无疑的常识背叛了你。 |
| ● |
| 相关链接 |
|
|
|
|
正题名:思维的骗局
索取号:F014.9/538
 
预约/预借
| 序号 | 登录号 | 条形码 | 馆藏地/架位号 | 状态 | 备注 |
| 1 | 1115744 | 211157442 | 第一样本阅览室/ [索取号:F014.9/538] | 在馆 | |
| 2 | 1115745 | 211157451 | 教育系资料室/ [索取号:F014.9/538] | 在馆 |